MARC

LEADER 00000nam0a2200000 4500
001 322869
005 20231102003521.0
035 |a (RuTPU)RU\TPU\book\348427 
090 |a 322869 
100 |a 20161006d1939 km y0rusy50 ca 
101 0 |a rus 
102 |a RU 
105 |a a z 001zy 
200 1 |a Применение пловучих золотомоек при разработке россыпей  |e сборник статей  |f отв. ред. М. Н. Спицын 
210 |a Москва  |c Изд-во ОБТИ  |d 1939 
215 |a 47 с.  |c ил. 
320 |a Библиогр.: с. 45-46 
606 1 |a Золоторудные месторождения россыпные  |x Системы разработки  |x Гидравлический способ  |2 stltpush  |3 (RuTPU)RU\TPU\subj\11883  |9 38762 
610 1 |a золотоносные россыпи 
610 1 |a разработка 
610 1 |a золотонойки 
610 1 |a драглайны 
610 1 |a плавучие базы 
610 1 |a шлюзы 
675 |a 622.271.6  |v 4 
702 1 |a Спицын  |b М. Н.  |4 340 
801 1 |a RU  |b 63413507  |c 20161006 
801 2 |a RU  |b 63413507  |c 20191226  |g RCR 
942 |c BK